书目信息 |
| 题名: |
资治通鉴 1
|
|
| 作者: | 司马光 著 | |
| 分册: | ||
| 出版信息: | 北京 中华书局 |
|
| 页数: | 1897页 | |
| 开本: | 20cm | |
| 丛书名: | ||
| 单 册: | ||
| 中图分类: | K204.3 | |
| 科图分类: | ||
| 主题词: | 中国--通史 | |
| 电子资源: | ||
| ISBN: | ||
| 000 | 00539nam0 2200193 45 | |
| 001 | 0312221749 | |
| 005 | 20031222171030.0 | |
| 010 | @dCNY2030. | |
| 100 | @a20031222d km y0chiy0120 ea | |
| 101 | @achi | |
| 105 | @a z 000yy | |
| 200 | 1 | @a资治通鉴 1@AZi Zhi Tong Jian 1@f司马光著@FSi Ma Guang Zhu |
| 210 | @a北京@c中华书局 | |
| 215 | @a1897页@d20cm | |
| 606 | 0 | @a中国@x通史 |
| 690 | @aK204.3@v3 | |
| 701 | 0 | @a司马光@4著 |
| 801 | @aCN@bTSTCL@c20031222 | |
| 905 | @a213230@dK204.3@e1:1@b64192@f1@b78913@f1@b103341-342@f2@b167100@f1 | |
| 资治通鉴 1/司马光著.-北京:中华书局 |
| 1897页;20cm |
| ISBN :CNY2030. |
| ● |
| 相关链接 |
|
|
|
|
正题名:资治通鉴 1
索取号:K204.3/1:1
 
预约/预借
| 序号 | 登录号 | 条形码 | 馆藏地/架位号 | 状态 | 备注 |
| 1 | 0064192 | 000425766 | 第二借阅区/ [索取号:K204.3/1:1] | 在馆 | |
| 2 | 0078913 | 000425640 | 第二样本阅览室/ [索取号:K204.3/1:1] | 在馆 |